000
00278nam a2200133Ia 4500
100
_a
Jackson /M.D
942
_c
BK
654
_a
Welding
245
_a
Welding Methods & Metallurgy
260
_b
Griffin
_a
London
_c
1967
082
_a
671.5
300
_a
422
546
_a
ENGLISH
999
_c
25359
_d
25359